000 00655cab a22002175a 4500
001 L153376
008 110718e20110714xxk 000 0 eng d
035 _a(Sirsi) u153376
041 0 _aeng
100 1 _aKlimt, Mark
245 0 0 _aCopyright and liability must be tackled before BIM can reach its full potential
260 _c2011
490 _aArchitects' Journal
_v233(26) 14 July 2011, 20(1)
520 _aDiscusses a number of legal problems that Building Information Modelling poses.
590 _aKA
650 2 4 _aBUILDING INFORMATION MODELLING
650 2 4 _aBIM
_96219
651 4 _aUnited Kingdom
_y
690 _aBIM
_96219
942 _n0
999 _c83269
_d83269